| 000 | 01048nam a22003257a 4500 | ||
|---|---|---|---|
| 003 | CHAP | ||
| 005 | 20220817044135.0 | ||
| 008 | 061130d2001 it ad r 00110 eng d | ||
| 010 | _a93099 | ||
| 011 | _a94071 | ||
| 020 | _a9251046336 | ||
| 035 | _a104655 | ||
| 040 | _cCHAP | ||
| 090 | _aFolleto 17083 | ||
| 110 | 2 | _aFAO | |
| 245 | 1 | 0 |
_aManual for training of extension workers and farmers: _balternatives to methyl bromide for soil fumigation _c/by R. Braga [and others] |
| 260 |
_aRome : _bFAO, _c2001 |
||
| 300 |
_a76 p. : _bilus.; cuadros. |
||
| 590 |
_aBATCH-UPD _b10 _c20130110 _lUCH01 _h1530 |
||
| 590 |
_aBATCH-UPD _b10 _c20130410 _lUCH01 _h0937 |
||
| 590 |
_aBATCH-UPD _b10 _c20130914 _lUCH01 _h0839 |
||
| 590 |
_aCONVERSION _b10 _c20130109 _lUCH01 _h1352 |
||
| 650 | 1 | 4 |
_aAgricultura _xTrabajadores. _91840 |
| 650 | 1 | 4 |
_aCapacitación. _918690 |
| 650 | 1 | 4 |
_aSuelos _xFumigación. _9110380 |
| 901 | _aBK | ||
| 905 | _aMarco A. Mendoza T. | ||
| 942 | _cFOLL | ||
| 949 |
_aFolleto 17083 _bBC _cFAO _d33724002008769 _eFAO1 _gDonaciØn _i104655 _sb |
||
| 999 |
_c93099 _d93099 |
||